| 000 | 00924cam a22002654a 4500 | ||
|---|---|---|---|
| 001 | 12144257 | ||
| 005 | 20250122182805.0 | ||
| 008 | 000816s2001 maua b 001 0 eng | ||
| 020 | _a0072348925 | ||
| 020 | _a9780072348927 | ||
| 050 | 0 | 0 |
_aHG4910 _b.S28 2001 |
| 082 | 0 | 0 |
_a332 _221 |
| 100 | 1 |
_aSaunders, Anthony, _d1949- |
|
| 245 | 1 | 0 |
_aFinancial markets and institutions : _ba modern perspective / _cAnthony Saunders, Marcia Millon Cornett. |
| 260 |
_aBoston : _bMcGraw-Hill/Irwin, _cc2001. |
||
| 300 |
_axxiv, 723 p. : _bill. ; _c28 cm. |
||
| 440 | 4 | _aThe McGraw-Hill/Irwin series in finance, insurance, and real estate | |
| 650 | 0 |
_aSecurities _zUnited States. |
|
| 650 | 0 |
_aStock exchanges _zUnited States. |
|
| 650 | 0 |
_aFinancial institutions _zUnited States. |
|
| 650 | 0 |
_aRate of return _zUnited States. |
|
| 650 | 0 |
_aInterest rates _zUnited States. |
|
| 700 | 1 | _aCornett, Marcia Millon. | |
| 942 |
_2lcc _cBK _n0 |
||
| 999 |
_c2841 _d2841 |
||